Noticias históricas de la nueva España / (Record no. 165855)

MARC details
000 -LEADER
campo de control de longitud fija 01017nam a22002295i 4500
001 - NÚMERO DE CONTROL
campo de control 165855
003 - IDENTIFICADOR DE NÚMERO DE CONTROL
campo de control ES-MaACL
005 - FECHA Y HORA DE LA ÚLTIMA TRANSACCIÓN
campo de control 20251009155121.0
008 - DATOS DE LONGITUD FIJA--INFORMACIÓN GENERAL
campo de control de longitud fija 960705s1878 sp |||| | spa d
040 ## - FUENTE DE CATALOGACIÓN
Centro catalogador/agencia de origen CYL
Lengua de catalogación spa
Centro/agencia transcriptor CYL
100 1# - ENTRADA PRINCIPAL--NOMBRE DE PERSONA
Nombre de persona Suárez de Peralta, Juan.
9 (RLIN) 108608
245 10 - MENCIÓN DEL TÍTULO
Título Noticias históricas de la nueva España /
Mención de responsabilidad, etc. publicadas con la proteccion del Ministerio de Fomento por Justo Zaragoza.
260 ## - PUBLICACIÓN, DISTRIBUCIÓN, ETC.
Lugar de publicación, distribución, etc. Madrid :
Nombre del editor, distribuidor, etc. [s.n.],
Fecha de publicación, distribución, etc. 1878 (
Fabricante Imprenta de Manuel G. Hernandez)
300 ## - DESCRIPCIÓN FÍSICA
Extensión XXIV, 392 p., [1] h. ;
Dimensiones 29 cm.
500 #1 - NOTA GENERAL
Nota general Encabezamiento tomado de Palau, XXII, p. 254.
594 #1 - Nota al título y mención de responsabilidad
Nota al título y mención de responsabilidad En preliminares figura el verdadero título del libro : "Tratado del descubrimiento de las Indias y su conquista, ... compuesto por Joan Suarez de Peralta ..."
700 #1 - ENTRADA AGREGADA--NOMBRE PERSONAL
Nombre de persona Zaragoza, Justo,
Fechas asociadas al nombre 1833-1896
Término indicativo de función/relación
9 (RLIN) 224272
700 11 - ENTRADA AGREGADA--NOMBRE PERSONAL
Nombre de persona Hernández, Manuel Ginés,
Fechas asociadas al nombre 1839-1892
Término indicativo de función/relación
9 (RLIN) 127890
752 ## - ENTRADA AGREGADA--NOMBRE JERÁRQUICO DEL LUGAR
País o entidad superior España -
Ciudad Madrid
852 ## - LOCALIZACIÓN
Ubicación ES-MaACL
Número de control de estantería B-11593
Nota libre -- Enc. hol.
Holdings
Estatus retirado Estado de pérdida Estado de daño No para préstamo Colección Biblioteca de origen Biblioteca actual Ubicación en estantería Fecha de adquisición Fuente de adquisición Total de préstamos Signatura topográfica completa Código de barras Visto por última vez Precio de reemplazo Tipo de ítem Koha
        Libros del s. XIX Biblioteca del Ateneo de Madrid Biblioteca del Ateneo de Madrid Sala Pardo Bazán 17/01/2008     B-11593 1173933 23/02/2023 23/02/2023 Libro impreso antiguo